<?xml version="1.0" encoding="UTF-8"?>
<resp>
  <nextPage>https://data.bn.org.pl/api/networks/bibs.marcxml?marc=001+b0000005561839&amp;sinceId=5561840</nextPage>
  <collection>
    <record xmlns='http://www.loc.gov/MARC21/slim'><leader>02808nam a2200661 i 4500</leader><controlfield tag='001'>b0000005561839</controlfield><controlfield tag='005'>20241203220121.0</controlfield><controlfield tag='008'>170517s1760    pl a         |000 0 lat  </controlfield><controlfield tag='009'>9910250375605606</controlfield><datafield ind1=' ' ind2=' ' tag='026'><subfield code='a'>umt, t:uæ</subfield><subfield code='b'>t,uq SaBe (3)</subfield><subfield code='c'>1760 (Q)</subfield><subfield code='5'>WA N</subfield></datafield><datafield ind1=' ' ind2=' ' tag='035'><subfield code='a'>991009004809705066</subfield></datafield><datafield ind1=' ' ind2=' ' tag='035'><subfield code='a'>(PL-WaBN)b5561839x-48omnis_nlop</subfield></datafield><datafield ind1=' ' ind2=' ' tag='035'><subfield code='a'>b5561839x</subfield></datafield><datafield ind1=' ' ind2=' ' tag='035'><subfield code='a'>(OCoLC)1042501475</subfield></datafield><datafield ind1=' ' ind2=' ' tag='035'><subfield code='a'>(PL)b0000005561839</subfield></datafield><datafield ind1=' ' ind2=' ' tag='040'><subfield code='a'>WA N</subfield><subfield code='c'>WA N</subfield><subfield code='d'>WA N</subfield></datafield><datafield ind1='0' ind2=' ' tag='041'><subfield code='a'>lat</subfield><subfield code='a'>pol</subfield></datafield><datafield ind1=' ' ind2=' ' tag='046'><subfield code='k'>1760</subfield></datafield><datafield ind1='1' ind2=' ' tag='100'><subfield code='a'>Fryczkiewicz, Maciej Mateusz</subfield><subfield code='e'>Autor</subfield></datafield><datafield ind1='1' ind2='0' tag='245'><subfield code='a'>Studium pulchritudinis internae et externae per B. Joannem Cantiu[m] Almae Universitatis Crac[oviensis] patriarcham in magistrum hujus studii electum. Presbyteris secularibus studiosis vitae perfectioris commendatum /</subfield><subfield code='c'>a reverendo autem Mathia Mathaeo Fryczkiewicz hospitalis ecclesiae s. Nicolai praeposito ex auctoru[m] probatoru[m] sententiis et selectis doctrinis concinnatum.</subfield></datafield><datafield ind1=' ' ind2=' ' tag='260'><subfield code='a'>Cracoviae :</subfield><subfield code='b'>Typis Universitatis,</subfield><subfield code='c'>1760.</subfield></datafield><datafield ind1=' ' ind2=' ' tag='300'><subfield code='a'>[1] karta, [1] karta frontyspisu, 320 stron, [8] kart ;</subfield><subfield code='c'>8°.</subfield></datafield><datafield ind1=' ' ind2=' ' tag='336'><subfield code='a'>Tekst</subfield><subfield code='b'>txt</subfield><subfield code='2'>rdacontent</subfield></datafield><datafield ind1=' ' ind2=' ' tag='337'><subfield code='a'>Bez urządzenia pośredniczącego</subfield><subfield code='b'>n</subfield><subfield code='2'>rdamedia</subfield></datafield><datafield ind1=' ' ind2=' ' tag='338'><subfield code='a'>Wolumin</subfield><subfield code='b'>nc</subfield><subfield code='2'>rdacarrier</subfield></datafield><datafield ind1=' ' ind2=' ' tag='380'><subfield code='a'>Książki</subfield></datafield><datafield ind1=' ' ind2=' ' tag='380'><subfield code='a'>Publikacje religijne</subfield></datafield><datafield ind1=' ' ind2=' ' tag='380'><subfield code='a'>Starodruki</subfield></datafield><datafield ind1='1' ind2=' ' tag='388'><subfield code='a'>1701-1800</subfield></datafield><datafield ind1=' ' ind2=' ' tag='500'><subfield code='a'>Frontyspis sygnowany: M. Zu. Miedzioryt ze sceną ukrzyżowania sygnowany: M. Żukowski Sc. A. 1758.</subfield></datafield><datafield ind1='4' ind2=' ' tag='510'><subfield code='a'>Estr. XV-XVIII,</subfield><subfield code='c'>XVI, 343.</subfield></datafield><datafield ind1=' ' ind2=' ' tag='546'><subfield code='a'>Fragmenty w jezyku polskim.</subfield></datafield><datafield ind1='0' ind2='7' tag='600'><subfield code='a'>Jan Kanty</subfield><subfield code='c'>(święty ;</subfield><subfield code='d'>1390-1473)</subfield><subfield code='2'>DBN</subfield></datafield><datafield ind1=' ' ind2='7' tag='650'><subfield code='a'>Medytacja</subfield><subfield code='2'>DBN</subfield></datafield><datafield ind1=' ' ind2='7' tag='655'><subfield code='a'>Modlitewnik</subfield><subfield code='2'>DBN</subfield></datafield><datafield ind1=' ' ind2='7' tag='655'><subfield code='a'>Rozważania i rozmyślania religijne</subfield><subfield code='2'>DBN</subfield></datafield><datafield ind1=' ' ind2=' ' tag='658'><subfield code='a'>Religia i duchowość</subfield></datafield><datafield ind1='1' ind2=' ' tag='700'><subfield code='a'>Żukowski, Michał</subfield><subfield code='c'>(rytownik)</subfield><subfield code='e'>Ilustracje</subfield></datafield><datafield ind1='2' ind2=' ' tag='710'><subfield code='a'>Drukarnia Akademicka (Kraków)</subfield><subfield code='e'>Druk</subfield></datafield><datafield ind1=' ' ind2=' ' tag='752'><subfield code='a'>Polska</subfield><subfield code='d'>Kraków.</subfield></datafield><datafield ind1=' ' ind2=' ' tag='852'><subfield code='b'>48OMNIS_NLOP</subfield><subfield code='8'>991009004809705066</subfield></datafield><datafield ind1=' ' ind2=' ' tag='852'><subfield code='b'>48OMNIS_NETWORK</subfield><subfield code='8'>9910250375605606</subfield></datafield><datafield ind1=' ' ind2=' ' tag='852'><subfield code='8'>22482602030005066</subfield><subfield code='j'>1</subfield><subfield code='h'>SD W.1.1133</subfield><subfield code='b'>BN_PL</subfield><subfield code='p'>777i53798508</subfield><subfield code='c'>bstdr</subfield><subfield code='z'>Defekt: brak 3 ostatnich kart.</subfield></datafield><datafield ind1=' ' ind2=' ' tag='950'><subfield code='u'>https://eu05.alma.exlibrisgroup.com/view/uresolver/48OMNIS_NETWORK/openurl?u.ignore_date_coverage=true&amp;portfolio_pid=53714378540005066&amp;Force_direct=true</subfield><subfield code='z'>Zobacz w Polonie: egzemplarz SD W.1.1133</subfield><subfield code='8'>53714378540005066</subfield></datafield></record>
  </collection>
</resp>
